Southville International School and Colleges
Your cart is empty.
  • Cart
  • Lists
    Public lists Eva Luna New books Lux_list list_1
    Your lists Log in to create your own lists
  • Log in to your account
  • Your cookies
  • Search history
Southville International School and Colleges
  • Advanced search
  • Recent comments
  • Most popular
  • Libraries

Log in to your account

Log in with GOOGLE


If you do not have an external account, but do have a local account, you can still log in:

  1. Home
  2. MARC view: Mythen and Legenden van Japan
Normal view MARC view ISBD view

Mythen and Legenden van Japan (Record no. 245298)

[ view plain ]
MARC details
000 -LEADER
fixed length control field 00870cam a22002893a 4500
001 - CONTROL NUMBER
control field 16043
003 - CONTROL NUMBER IDENTIFIER
control field PGUSA
005 - DATE AND TIME OF LATEST TRANSACTION
control field 20140828083337.0
008 - FIXED-LENGTH DATA ELEMENTS--GENERAL INFORMATION
fixed length control field 050612s2005||||xxu|||||s|||||000 | eng d
040 ## - CATALOGING SOURCE
Original cataloging agency PGUSA
Language of cataloging eng
042 ## - AUTHENTICATION CODE
Authentication code dc
050 #4 - LIBRARY OF CONGRESS CALL NUMBER
Classification number GR
100 1# - MAIN ENTRY--PERSONAL NAME
Personal name Davis, F. Hadland
Fuller form of name (Frederick Hadland)
245 10 - TITLE STATEMENT
Title Mythen and Legenden van Japan
Medium [electronic resource] /
Statement of responsibility, etc F. Hadland Davis
260 ## - PUBLICATION, DISTRIBUTION, ETC. (IMPRINT)
Name of publisher, distributor, etc Project Gutenberg,
Date of publication, distribution, etc 2005
500 ## - GENERAL NOTE
General note Translation of Myths and legends of Japan
506 ## - RESTRICTIONS ON ACCESS NOTE
Terms governing access Public domain in the USA.
516 ## - TYPE OF COMPUTER FILE OR DATA NOTE
Type of computer file or data note Electronic text
653 ## - INDEX TERM--UNCONTROLLED
Uncontrolled term Folklore -- Japan
653 ## - INDEX TERM--UNCONTROLLED
Uncontrolled term Legends -- Japan
653 ## - INDEX TERM--UNCONTROLLED
Uncontrolled term Mythology, Japanese
700 1# - ADDED ENTRY--PERSONAL NAME
Personal name Paul, Evelyn,
Dates associated with a name 1883-1963
700 1# - ADDED ENTRY--PERSONAL NAME
Personal name Goudsmit, Boudewijn Casper,
Dates associated with a name 1849-1915
830 #0 - SERIES ADDED ENTRY--UNIFORM TITLE
Uniform title Project Gutenberg
Volume number/sequential designation 16043
856 40 - ELECTRONIC LOCATION AND ACCESS
Uniform Resource Identifier <a href="http://www.gutenberg.org/ebooks/16043">http://www.gutenberg.org/ebooks/16043</a>
942 ## - ADDED ENTRY ELEMENTS (KOHA)
Koha item type eBooks
Holdings
Withdrawn status Lost status Damaged status Home library Current library Date acquired Total Checkouts Date last seen Price effective from Koha item type
      Project Gutenberg Project Gutenberg 08/28/2014   08/28/2014 08/28/2014 eBooks

Mythen and Legenden van Japan

APA

Davis F. H., Paul E. & Goudsmit B. C. (2005). Mythen and Legenden van Japan. : Project Gutenberg.

Chicago

Davis F Hadland, Paul Evelyn and Goudsmit Boudewijn Casper. 2005. Mythen and Legenden van Japan. : Project Gutenberg.

Harvard

Davis F. H., Paul E. and Goudsmit B. C. (2005). Mythen and Legenden van Japan. : Project Gutenberg.

MLA

Davis F Hadland, Paul Evelyn and Goudsmit Boudewijn Casper. Mythen and Legenden van Japan. : Project Gutenberg. 2005.

  • Place hold
  • Print
  • Cite
  • Add to your cart (remove)
  • Save record
    BIBTEX Dublin Core MARCXML MARC (non-Unicode/MARC-8) MARC (Unicode/UTF-8) MARC (Unicode/UTF-8, Standard) MODS (XML) RIS
  • More searches
    Search for this title in:
    Other Libraries (WorldCat) Other Databases (Google Scholar) Online Stores (Bookfinder.com) Open Library (openlibrary.org)

Exporting to Dublin Core...

SOUTHVILLE LIBRARY

Southville International School and Colleges Library

1281 Tropical Ave. Cor. Luxembourg St., BF Homes International, Las Pinas City

Tel. No. 8256374 / 252358 Loc. 117/146

Powered by Koha